[Event "St Petersburg-ch Seniors Blitz"]
[Site "St Petersburg"]
[Date "2022.10.05"]
[Round "11"]
[White "Dragomarezkij, Evgeni"]
[Black "Romanov, Sergey"]
[Result "1-0"]
[WhiteElo "2283"]
[BlackElo "1984"]
[PlyCount "104"]
[EventDate "2022.10.05"]
[EventType "swiss"]
[EventRounds "11"]
[EventCountry "RUS"]
[SourceTitle "CBM 210 Extra"]
[Source "ChessBase"]
[SourceDate "2022.11.30"]
[SourceVersion "1"]
[SourceVersionDate "2022.11.30"]
[SourceQuality "1"]

1. Nf3 d5 2. e3 Nf6 3. c4 c6 4. Nc3 Bf5 5. cxd5 cxd5 6. Qb3 Bc8 7. Ne5 e6 8. Bb5+ Nbd7 9. d4 a6 10. Nxd7 Nxd7 11. Bd3 Bd6 12. Bd2 0-0 13. 0-0 b5 14. Ne2 Nb6 15. Bb4 Nc4 16. Bxd6 Qxd6 17. Qc2 Bb7 18. Bxh7+ Kh8 19. Bd3 Rac8 20. Nc3 g6 21. Qe2 Kg7 22. g3 Rh8 23. h4 Qb4 24. Rab1 Qe7 25. Rbc1 f5 26. b3 Nd6 27. f4 Rc7 28. Rc2 Rhc8 29. Rfc1 Bc6 30. Nb1 Be8 31. Rxc7 Rxc7 32. Qd2 Qd8 33. Nc3 Qc8 34. Ne2 a5 35. Rxc7+ Qxc7 36. Qc3 Qxc3 37. Nxc3 b4 38. Ne2 Nb5 39. Bxb5 Bxb5 40. Kf2 Bd3 41. Ke1 Bb1 42. Kd2 Kf6 43. Nc1 Ke7 44. Nd3 Bxd3 45. Kxd3 Kf6 46. Ke2 Kf7 47. Kf3 Kf6 48. g4 Kf7 49. Kg3 Kf6 50. h5 gxh5 51. gxh5 Kg7 52. Kh3 Kh7 1-0

[Event "St Petersburg-ch Seniors Blitz"]
[Site "St Petersburg"]
[Date "2022.10.05"]
[Round "9"]
[White "Filipenko, Alexander V"]
[Black "Romanov, Sergey"]
[Result "1-0"]
[WhiteElo "2071"]
[BlackElo "1984"]
[PlyCount "94"]
[EventDate "2022.10.05"]
[EventType "swiss"]
[EventRounds "11"]
[EventCountry "RUS"]
[SourceTitle "CBM 210 Extra"]
[Source "ChessBase"]
[SourceDate "2022.11.30"]
[SourceVersion "1"]
[SourceVersionDate "2022.11.30"]
[SourceQuality "1"]

1. e4 e5 2. Nf3 Nf6 3. Nxe5 d6 4. Nf3 Nxe4 5. Bd3 Nf6 6. 0-0 Be7 7. c3 Bg4 8. Re1 0-0 9. h3 Bh5 10. g4 Bg6 11. Bxg6 fxg6 12. d4 d5 13. Bg5 Ne4 14. Be3 c6 15. Nbd2 Nxd2 16. Bxd2 Bd6 17. Bg5 Qc7 18. Qe2 Nd7 19. Kg2 Nf6 20. Bxf6 Rxf6 21. Nd2 Raf8 22. f3 Bg3 23. Rf1 Bh4 24. Kh1 Bg5 25. Nb3 Qg3 26. Qg2 Rxf3 27. Qxg3 Rxg3 28. Kh2 Re3 29. Rxf8+ Kxf8 30. Rf1+ Ke7 31. Kg2 Bh4 32. Nc1 b5 33. Rf3 Re1 34. Rf1 Re4 35. Rf3 Bg5 36. Nd3 Re2+ 37. Rf2 Rxf2+ 38. Kxf2 Kd6 39. Ke2 a5 40. b3 Bf6 41. a4 bxa4 42. bxa4 h5 43. Nc5 Bd8 44. Kf3 hxg4+ 45. hxg4 g5 46. Ke3 Bb6 47. Nd3 c5 1-0

[Event "St Petersburg-ch Seniors Blitz"]
[Site "St Petersburg"]
[Date "2022.10.05"]
[Round "1"]
[White "Lisenko, Alexander V"]
[Black "Romanov, Sergey"]
[Result "1-0"]
[WhiteElo "2207"]
[BlackElo "1984"]
[PlyCount "97"]
[EventDate "2022.10.05"]
[EventType "swiss"]
[EventRounds "11"]
[EventCountry "RUS"]
[SourceTitle "CBM 210 Extra"]
[Source "ChessBase"]
[SourceDate "2022.11.30"]
[SourceVersion "1"]
[SourceVersionDate "2022.11.30"]
[SourceQuality "1"]

1. c4 c6 2. b3 d5 3. Bb2 Nf6 4. Nf3 Bf5 5. g3 e6 6. Bg2 Nbd7 7. 0-0 Be7 8. d3 0-0 9. Nbd2 a5 10. a3 Re8 11. Rc1 h6 12. Rc2 Nh7 13. Qa1 Bf6 14. Bxf6 Nhxf6 15. Ne5 Nxe5 16. Qxe5 Qb8 17. Qb2 Qd6 18. Rfc1 Bg6 19. Nf3 Rad8 20. Ne5 Bh7 21. b4 axb4 22. axb4 Ra8 23. c5 Qc7 24. h3 Nd7 25. Nxd7 Qxd7 26. f4 Qc7 27. Kh2 e5 28. fxe5 Qxe5 29. Qxe5 Rxe5 30. Bf3 Bf5 31. Rb2 Bd7 32. g4 g6 33. Kg3 Kg7 34. b5 cxb5 35. d4 Re3 36. Kf2 Raa3 37. Bxd5 Rxh3 38. Bxb7 Bxg4 39. Bg2 Rhb3 40. Rxb3 Rxb3 41. d5 Rb2 42. Bf3 Bc8 43. d6 Kf8 44. c6 Ke8 45. Ra1 Rd2 46. Ra8 Rxd6 47. Rxc8+ Ke7 48. Rb8 g5 49. c7 1-0

[Event "St Petersburg-ch Seniors Blitz"]
[Site "St Petersburg"]
[Date "2022.10.05"]
[Round "10"]
[White "Romanov, Sergey"]
[Black "Gertsyk, Nikolai"]
[Result "1/2-1/2"]
[WhiteElo "1984"]
[BlackElo "2166"]
[PlyCount "41"]
[EventDate "2022.10.05"]
[EventType "swiss"]
[EventRounds "11"]
[EventCountry "RUS"]
[SourceTitle "CBM 210 Extra"]
[Source "ChessBase"]
[SourceDate "2022.11.30"]
[SourceVersion "1"]
[SourceVersionDate "2022.11.30"]
[SourceQuality "1"]

1. e4 e6 2. d4 d5 3. e5 c5 4. c3 Qb6 5. Nf3 Bd7 6. a3 Nc6 7. b4 cxd4 8. cxd4 Rc8 9. Be3 Nge7 10. Be2 Nf5 11. 0-0 Be7 12. Qd2 0-0 13. Nc3 Nb8 14. Rfc1 Rc7 15. Na2 Rfc8 16. Rxc7 Rxc7 17. Rc1 Nxe3 18. fxe3 Rxc1+ 19. Nxc1 Bb5 20. Bxb5 Qxb5 21. Qc3 1/2-1/2

[Event "St Petersburg-ch Seniors Blitz"]
[Site "St Petersburg"]
[Date "2022.10.05"]
[Round "8"]
[White "Romanov, Sergey"]
[Black "Vul, Arkadi Eremeevich"]
[Result "1/2-1/2"]
[WhiteElo "1984"]
[BlackElo "2081"]
[PlyCount "38"]
[EventDate "2022.10.05"]
[EventType "swiss"]
[EventRounds "11"]
[EventCountry "RUS"]
[SourceTitle "CBM 210 Extra"]
[Source "ChessBase"]
[SourceDate "2022.11.30"]
[SourceVersion "1"]
[SourceVersionDate "2022.11.30"]
[SourceQuality "1"]

1. e4 e5 2. Nf3 Nc6 3. Bc4 Bc5 4. c3 Nf6 5. d3 d6 6. Nbd2 0-0 7. Nf1 h6 8. Ng3 Be6 9. Bb5 a6 10. Ba4 b5 11. Bc2 d5 12. exd5 Nxd5 13. 0-0 Re8 14. Re1 f6 15. a4 Qd7 16. axb5 axb5 17. Bd2 Bb6 18. Qc1 Bg4 19. Bd1 Be6 1/2-1/2

[Event "Liberec op 19th"]
[Site "Liberec"]
[Date "2019.03.01"]
[Round "8"]
[White "Elias, Jakub"]
[Black "Romanov, Sergey"]
[Result "1/2-1/2"]
[WhiteElo "1910"]
[BlackElo "2139"]
[PlyCount "49"]
[EventDate "2019.02.23"]
[EventType "swiss"]
[EventRounds "9"]
[EventCountry "CZE"]
[SourceTitle "CBM 189 Extra"]
[Source "ChessBase"]
[SourceDate "2019.05.31"]
[SourceVersion "1"]
[SourceVersionDate "2019.05.31"]
[SourceQuality "1"]

1. e4 c5 2. Nf3 Nf6 3. Nc3 Nc6 4. d4 d5 5. exd5 Nxd5 6. Nxd5 Qxd5 7. dxc5 Qxd1+ 8. Kxd1 e5 9. Bb5 Bg4 10. Ke1 Bxf3 11. gxf3 Bxc5 12. Be3 Bd6 13. Rd1 Ke7 14. Bxc6 bxc6 15. Ke2 Rab8 16. b3 a6 17. Rd3 Rhd8 18. Rhd1 Bc7 19. Rc3 Rxd1 20. Kxd1 Rd8+ 21. Ke2 Kd7 22. Rc4 f5 23. f4 e4 24. Ra4 a5 25. Rc4 1/2-1/2

[Event "Liberec op 19th"]
[Site "Liberec"]
[Date "2019.02.26"]
[Round "4"]
[White "Hofman, Krystof"]
[Black "Romanov, Sergey"]
[Result "1-0"]
[WhiteElo "2025"]
[BlackElo "2139"]
[PlyCount "89"]
[EventDate "2019.02.23"]
[EventType "swiss"]
[EventRounds "9"]
[EventCountry "CZE"]
[SourceTitle "CBM 189 Extra"]
[Source "ChessBase"]
[SourceDate "2019.05.31"]
[SourceVersion "1"]
[SourceVersionDate "2019.05.31"]
[SourceQuality "1"]

1. d4 d5 2. Nf3 Nf6 3. c4 c6 4. e3 Bg4 5. Nc3 e6 6. Qb3 Qc7 7. Nh4 Nbd7 8. h3 Bh5 9. g4 Bg6 10. Nxg6 hxg6 11. Bg2 Nb6 12. c5 Nbd7 13. Bd2 e5 14. 0-0-0 0-0-0 15. Qa4 Kb8 16. g5 Nh5 17. Bxd5 b5 18. Nxb5 cxb5 19. Qxb5+ Nb6 20. Bc4 exd4 21. cxb6 axb6 22. Kb1 Bc5 23. e4 f5 24. b4 Bd6 25. Bd5 Nf4 26. Rc1 Qa7 27. Rc6 Nxd5 28. exd5 Kb7 29. Rhc1 Rh4 30. a4 Qa6 31. Rc7+ Bxc7 32. Rxc7+ Kxc7 33. Qxa6 Rxd5 34. Qa7+ Kc6 35. b5+ Kd6 36. Bb4+ Ke5 37. Bd2 Ke4 38. Qxb6 Rxh3 39. Kc2 Rf3 40. Qe6+ Re5 41. Qc6+ Rd5 42. b6 Rh3 43. b7 Rh8 44. f3+ Ke5 45. f4+ 1-0

[Event "Liberec op 19th"]
[Site "Liberec"]
[Date "2019.02.26"]
[Round "5"]
[White "Romanov, Sergey"]
[Black "Mikulas, Dusan"]
[Result "1/2-1/2"]
[WhiteElo "2139"]
[BlackElo "1973"]
[PlyCount "44"]
[EventDate "2019.02.23"]
[EventType "swiss"]
[EventRounds "9"]
[EventCountry "CZE"]
[SourceTitle "CBM 189 Extra"]
[Source "ChessBase"]
[SourceDate "2019.05.31"]
[SourceVersion "1"]
[SourceVersionDate "2019.05.31"]
[SourceQuality "1"]

1. e4 c5 2. Nf3 d6 3. d4 cxd4 4. Nxd4 Nf6 5. Nc3 Nc6 6. Bg5 e6 7. Bc4 a6 8. 0-0 Be7 9. Bb3 0-0 10. Kh1 Bd7 11. f4 Qc7 12. f5 Nxd4 13. Qxd4 e5 14. Qd1 Bc6 15. Qg4 Rab8 16. a3 b5 17. Rad1 a5 18. Rf2 b4 19. axb4 Rxb4 20. Ra1 Rd4 21. Bd5 Bd7 22. Qf3 a4 1/2-1/2

[Event "Liberec op 19th"]
[Site "Liberec"]
[Date "2019.02.24"]
[Round "2"]
[White "Skurniak, Szymon"]
[Black "Romanov, Sergey"]
[Result "0-1"]
[WhiteElo "1974"]
[BlackElo "2139"]
[PlyCount "76"]
[EventDate "2019.02.23"]
[EventType "swiss"]
[EventRounds "9"]
[EventCountry "CZE"]
[SourceTitle "CBM 189 Extra"]
[Source "ChessBase"]
[SourceDate "2019.05.31"]
[SourceVersion "1"]
[SourceVersionDate "2019.05.31"]
[SourceQuality "1"]

1. e4 c5 2. Be2 Nc6 3. c3 Nf6 4. d3 d5 5. Nd2 e5 6. Ngf3 Be7 7. 0-0 0-0 8. h3 h6 9. Re1 Be6 10. Qc2 d4 11. Nf1 Qd7 12. Ng3 b6 13. Rf1 Rad8 14. Nxe5 Nxe5 15. f4 Nxd3 16. Qxd3 c4 17. Qd2 d3 18. Bf3 Bxh3 19. gxh3 Qxh3 20. Nf5 Bc5+ 21. Ne3 Ng4 22. Bxg4 Qxg4+ 23. Kh2 Qh4+ 24. Kg2 Rd6 25. f5 Qxe4+ 26. Rf3 Re8 27. Qf2 Rd5 28. Bd2 Rxf5 29. Re1 Rfe5 30. b4 Bd6 31. Nf5 Qd5 32. Rxe5 Rxe5 33. Nd4 Rh5 34. Kg1 Be5 35. Nf5 Bh2+ 36. Kf1 Rxf5 37. Rxf5 Qh1+ 38. Qg1 Qxg1# 0-1

[Event "Heraklion op 18th"]
[Site "Heraklion"]
[Date "2016.09.05"]
[Round "4"]
[White "Romanov, Sergey"]
[Black "Adams, Tim P"]
[Result "1/2-1/2"]
[WhiteElo "2069"]
[BlackElo "1769"]
[PlyCount "86"]
[EventDate "2016.09.03"]
[EventType "swiss"]
[EventRounds "9"]
[EventCountry "GRE"]
[SourceTitle "CBM 174 Extra"]
[Source "ChessBase"]
[SourceDate "2016.10.10"]
[SourceVersion "1"]
[SourceVersionDate "2016.10.10"]
[SourceQuality "1"]

1. e4 e6 2. d4 d5 3. e5 c5 4. c3 Bd7 5. Nf3 Nc6 6. Be2 cxd4 7. cxd4 Bb4+ 8. Nc3 Nge7 9. 0-0 Nf5 10. a3 Be7 11. b4 0-0 12. g4 Nh4 13. Nxh4 Bxh4 14. Be3 f5 15. gxf5 Rxf5 16. Bd3 Rf7 17. Kh1 Ne7 18. Qg4 Nf5 19. Rg1 Be7 20. Qg2 Bf8 21. b5 Be8 22. Ne2 Nh4 23. Qh3 Nf5 24. Nf4 Bd7 25. Rg2 Qe7 26. Nh5 g6 27. Nf6+ Rxf6 28. exf6 Qxf6 29. Qf3 Qf7 30. Rgg1 Bd6 31. a4 Rf8 32. Bxf5 Qxf5 33. Qxf5 Rxf5 34. Kg2 Kf7 35. Rab1 e5 36. dxe5 Bxe5 37. Bxa7 Rh5 38. Rb3 Rxh2+ 39. Kf1 Rh4 40. a5 Ra4 41. Bb6 Bf5 42. Ke2 d4 43. Rd1 d3+ 1/2-1/2

[Event "Hradec Kralove op"]
[Site "Hradec Kralove"]
[Date "2015.10.08"]
[Round "5"]
[White "Romanov, Sergey"]
[Black "Vorel, Bohuslav"]
[Result "1-0"]
[WhiteElo "2036"]
[BlackElo "1686"]
[PlyCount "67"]
[EventDate "2015.10.04"]
[EventType "swiss"]
[EventRounds "9"]
[EventCountry "CZE"]
[SourceTitle "CBM 168 Extra"]
[Source "ChessBase"]
[SourceDate "2015.10.29"]
[SourceVersion "1"]
[SourceVersionDate "2015.10.29"]
[SourceQuality "1"]

1. e4 c5 2. Nf3 d6 3. d4 cxd4 4. Nxd4 Nf6 5. Nc3 g6 6. Bg5 Bg7 7. Be2 0-0 8. 0-0 Nc6 9. Nb3 a6 10. f4 b5 11. Bf3 Bb7 12. a3 Qc7 13. Qe1 Nd7 14. Nd5 Qd8 15. c3 Nb6 16. Rd1 f6 17. Bh4 e6 18. Ne3 Qc7 19. f5 g5 20. Bf2 e5 21. h4 h6 22. hxg5 hxg5 23. g3 Rad8 24. Kg2 Bh6 25. Ng4 Kg7 26. Rh1 Rh8 27. Rh2 Rh7 28. Qe2 Nc8 29. Rdh1 Rdh8 30. Ne3 N8e7 31. Bh5 Nd8 32. Nd2 d5 33. Bg6 Nxg6 34. fxg6 1-0

[Event "Hradec Kralove op"]
[Site "Hradec Kralove"]
[Date "2015.10.06"]
[Round "3"]
[White "Romanov, Sergey"]
[Black "Pulpan, Jakub"]
[Result "0-1"]
[WhiteElo "2036"]
[BlackElo "2306"]
[PlyCount "136"]
[EventDate "2015.10.04"]
[EventType "swiss"]
[EventRounds "9"]
[EventCountry "CZE"]
[SourceTitle "CBM 168 Extra"]
[Source "ChessBase"]
[SourceDate "2015.10.29"]
[SourceVersion "1"]
[SourceVersionDate "2015.10.29"]
[SourceQuality "1"]

1. e4 c5 2. Nf3 d6 3. d4 cxd4 4. Nxd4 Nf6 5. Nc3 a6 6. Be2 e5 7. Nb3 Be7 8. 0-0 0-0 9. Re1 Be6 10. Bf3 Nbd7 11. a4 Rc8 12. a5 Qc7 13. Be3 Rfd8 14. Nd2 h6 15. Nf1 Nc5 16. Ng3 Bf8 17. Re2 b5 18. axb6 Qxb6 19. Na4 Qb5 20. Bxc5 dxc5 21. Rd2 Rd4 22. Be2 Qb7 23. f3 Rcd8 24. Rxd4 Rxd4 25. Qc1 c4 26. h3 Nd7 27. Kh2 Be7 28. Qe1 Nc5 29. Nxc5 Bxc5 30. b3 g6 31. Qf1 cxb3 32. Bxa6 Qd7 33. Bb5 Qe7 34. cxb3 Bxb3 35. Rc1 Rd2 36. Bc4 Bxc4 37. Qxc4 Be3 38. Nf1 Rxg2+ 39. Kxg2 Qg5+ 40. Ng3 Bxc1 41. h4 Qd2+ 42. Qe2 Qd8 43. h5 Bf4 44. hxg6 fxg6 45. Nf1 Kg7 46. Qa6 h5 47. Qb7+ Kh6 48. Qf7 Qg5+ 49. Kf2 Qh4+ 50. Kg2 Qg5+ 51. Kf2 Qd8 52. Kg2 Kg5 53. Qe6 Qf6 54. Qc8 Qe7 55. Qb8 Qd7 56. Qb6 Qd3 57. Qf2 Qd4 58. Qa2 Qd1 59. Qb2 Kh4 60. Qf2+ Kg5 61. Qb2 h4 62. Qf2 Kh5 63. Kh3 Qd7+ 64. Kg2 Qd1 65. Kh3 g5 66. Qg2 Qd7+ 67. Qg4+ Qxg4+ 68. fxg4+ Kg6 0-1

[Event "Golden Sands Europe op 2nd"]
[Site "Golden Sands"]
[Date "2013.06.10"]
[Round "1"]
[White "Abramovic, Bosko"]
[Black "Romanov, Sergey"]
[Result "1-0"]
[WhiteElo "2458"]
[BlackElo "2103"]
[PlyCount "90"]
[EventDate "2013.06.10"]
[EventType "swiss"]
[EventRounds "9"]
[EventCountry "BUL"]
[SourceTitle "CBM 154 Extra"]
[Source "ChessBase"]
[SourceDate "2013.06.25"]
[SourceVersion "2"]
[SourceVersionDate "2013.06.25"]
[SourceQuality "1"]

1. Nf3 d5 2. d4 Nf6 3. c4 c6 4. Qb3 dxc4 5. Qxc4 Bf5 6. Nc3 e6 7. g3 Be7 8. Bg2 h6 9. Ne5 0-0 10. e4 Bh7 11. Be3 Nbd7 12. Nxd7 Nxd7 13. 0-0 Qa5 14. a3 Rac8 15. Rfd1 Rfd8 16. Qe2 Bf6 17. f4 Qc7 18. Rac1 Qb8 19. b4 a5 20. bxa5 Qa8 21. a6 Qxa6 22. Qxa6 bxa6 23. Na4 Be7 24. Rc3 Nf6 25. e5 Nd5 26. Bxd5 cxd5 27. Nc5 Rc6 28. Rdc1 Rb8 29. Nxa6 Rxa6 30. Rc8+ Rxc8 31. Rxc8+ Bf8 32. Bd2 Rxa3 33. Bb4 Ra1+ 34. Kf2 Ra2+ 35. Ke3 Bg6 36. Bxf8 Kh7 37. g4 Rxh2 38. f5 exf5 39. gxf5 Bh5 40. Bd6 Rh3+ 41. Kd2 g5 42. e6 Kg7 43. f6+ Kxf6 44. e7 Rh2+ 45. Bxh2 Kxe7 1-0

[Event "Moscow op-B"]
[Site "Moscow"]
[Date "2009.02.04"]
[Round "5"]
[White "Basencyan, Mark"]
[Black "Romanov, Sergey"]
[Result "0-1"]
[WhiteElo "1848"]
[BlackElo "2083"]
[PlyCount "58"]
[EventDate "2009.01.31"]
[EventType "swiss"]
[EventRounds "9"]
[EventCountry "RUS"]
[SourceTitle "EXT 2012"]
[Source "ChessBase"]
[SourceDate "2011.11.24"]
[SourceVersion "1"]
[SourceVersionDate "2011.11.24"]
[SourceQuality "1"]

1. d4 d5 2. Nf3 Nf6 3. c4 c6 4. Nc3 dxc4 5. e4 b5 6. Qc2 e6 7. g3 Bb7 8. Bg2 Nbd7 9. 0-0 Bb4 10. e5 Nd5 11. Ng5 h6 12. Nge4 Nxc3 13. bxc3 Be7 14. a4 Qb6 15. Ba3 Bxa3 16. Rxa3 0-0 17. Nd6 a6 18. g4 Rab8 19. g5 hxg5 20. f4 gxf4 21. a5 Qd8 22. Rxf4 f5 23. Ra1 Qg5 24. Qf2 c5 25. Nxb7 Rxb7 26. Kh1 Rc7 27. Rg1 Qe7 28. h4 cxd4 29. cxd4 c3 0-1

[Event "Moscow op-B"]
[Site "Moscow"]
[Date "2009.02.03"]
[Round "4"]
[White "Romanov, Sergey"]
[Black "Rusinov, Mikhail"]
[Result "1-0"]
[WhiteElo "2083"]
[BlackElo "1911"]
[PlyCount "63"]
[EventDate "2009.01.31"]
[EventType "swiss"]
[EventRounds "9"]
[EventCountry "RUS"]
[SourceTitle "EXT 2012"]
[Source "ChessBase"]
[SourceDate "2011.11.24"]
[SourceVersion "1"]
[SourceVersionDate "2011.11.24"]
[SourceQuality "1"]

1. e4 d6 2. d4 g6 3. Nc3 Bg7 4. Be3 a6 5. a4 Nf6 6. f3 0-0 7. Bc4 c6 8. Nge2 d5 9. exd5 Nxd5 10. Nxd5 cxd5 11. Bb3 Nc6 12. Nc3 e6 13. Qd2 Qh4+ 14. Bf2 Qf6 15. Rd1 Na7 16. 0-0 Bd7 17. Rfe1 b5 18. Bg3 b4 19. Ne2 a5 20. Bf4 Qd8 21. c3 bxc3 22. bxc3 Nc8 23. Ra1 Re8 24. Nc1 Qb6 25. Kh1 Ne7 26. Bc2 Rac8 27. Nd3 Bc6 28. Nc5 Nf5 29. g4 Ne7 30. Bd3 Qa7 31. Rab1 Bd7 32. Rb7 1-0

[Event "Moscow op-B"]
[Site "Moscow"]
[Date "2009.02.01"]
[Round "3"]
[White "Grebennikov, Igor"]
[Black "Romanov, Sergey"]
[Result "1-0"]
[WhiteElo "1400"]
[BlackElo "2083"]
[PlyCount "96"]
[EventDate "2009.01.31"]
[EventType "swiss"]
[EventRounds "9"]
[EventCountry "RUS"]
[SourceTitle "EXT 2012"]
[Source "ChessBase"]
[SourceDate "2011.11.24"]
[SourceVersion "1"]
[SourceVersionDate "2011.11.24"]
[SourceQuality "1"]

1. e4 e5 2. Nf3 Nc6 3. Bc4 Nf6 4. d3 Bc5 5. c3 d6 6. h3 Bb6 7. 0-0 a6 8. b4 Ne7 9. Re1 0-0 10. Nbd2 Ng6 11. Nf1 Nh5 12. Nxe5 Nxe5 13. Qxh5 Qf6 14. Qe2 Nxc4 15. dxc4 Qxc3 16. Bd2 Qf6 17. Rac1 c6 18. Rc3 Re8 19. Rf3 Qe5 20. Rg3 f5 21. c5 dxc5 22. Bc3 Qe7 23. Rxg7+ Qxg7 24. Bxg7 Kxg7 25. Qb2+ Kg8 26. Ng3 Bc7 27. e5 c4 28. f4 Be6 29. Nh5 Red8 30. Nf6+ Kg7 31. Qf2 Rh8 32. Qh4 Bd8 33. Qg5+ Kf7 34. Qh6 Be7 35. g4 Bxb4 36. Rb1 Bc5+ 37. Kf1 b5 38. Qh5+ Ke7 39. gxf5 Bd5 40. Nxd5+ cxd5 41. f6+ Kd7 42. Qf7+ Kc6 43. Qe6+ Kc7 44. Qxd5 Kb6 45. a4 Rhc8 46. axb5 axb5 47. Qxc4 Ra5 48. e6 Rc7 1-0